[Event "Mittelfranken-chTB2a 1718"]
[Site "Mittelfranken"]
[Date "2018.04.08"]
[Round "7.7"]
[White "Ross, Sandra"]
[Black "Sturm, Antje"]
[Result "1-0"]
[WhiteElo "1731"]
[BlackElo "1694"]
[PlyCount "113"]
[EventDate "2017.10.08"]
[EventType "team-tourn"]
[EventRounds "9"]
[EventCountry "GER"]
[SourceTitle "EXT 2022"]
[Source "ChessBase"]
[SourceDate "2021.10.06"]
[SourceVersion "1"]
[SourceVersionDate "2021.10.06"]
[SourceQuality "1"]
[WhiteTeam "Jaecklechemie SC"]
[BlackTeam "Bad Windsheim/Ansbach"]
[WhiteTeamCountry "GER"]
[BlackTeamCountry "GER"]

1. e4 c5 2. Nc3 Nc6 3. Bb5 d6 4. Bxc6+ bxc6 5. d3 g6 6. f4 Bg7 7. Nf3 Nf6 8. 0-0 0-0 9. Qe1 Rb8 10. Qh4 e6 11. e5 Nd5 12. Qxd8 Rxd8 13. Ne4 Nb4 14. Rf2 Bf8 15. Nxd6 Ba6 16. Be3 Rd7 17. Bxc5 Nd5 18. Ba3 Rc7 19. Ng5 Bh6 20. Nde4 Rcc8 21. Nc5 Rb6 22. Nd7 Rb7 23. Nc5 Rb6 24. Nce4 Rbb8 25. Nd6 Rc7 26. Nde4 Rcc8 27. Re1 Kg7 28. b3 Rd8 29. Bc5 Ra8 30. c4 Nb6 31. Nd6 Rd7 32. Rf3 Rad8 33. Rh3 Bxg5 34. fxg5 Nc8 35. Rf1 Nxd6 36. Bxd6 Rh8 37. Rhf3 h6 38. gxh6+ Rxh6 39. Bb4 Rh4 40. Bc3 c5 41. g3 Rh3 42. Re3 Bb7 43. Rd1 Rd8 44. d4 Rxh2 45. Kxh2 Rh8+ 46. Kg1 Rh1+ 47. Kf2 Rxd1 48. dxc5 Kf8 49. Ke2 Rd8 50. b4 Rc8 51. b5 a6 52. a4 Ke8 53. c6 Ba8 54. Bb4 Bxc6 55. bxc6 Rxc6 56. Kd3 Rb6 57. Kc3 1-0

[Event "Mittelfranken-chTB2a 1617"]
[Site "Mittelfranken"]
[Date "2016.11.27"]
[Round "3.6"]
[White "Beller, Johann"]
[Black "Sturm, Antje"]
[Result "1-0"]
[WhiteElo "1590"]
[BlackElo "1677"]
[PlyCount "130"]
[EventDate "2016.10.23"]
[EventType "team-tourn"]
[EventRounds "9"]
[EventCountry "GER"]
[SourceTitle "EXT 2022"]
[Source "ChessBase"]
[SourceDate "2021.10.06"]
[SourceVersion "1"]
[SourceVersionDate "2021.10.06"]
[SourceQuality "1"]
[WhiteTeam "Rothenburg II"]
[BlackTeam "Bad Windsheim/Ansbach"]
[WhiteTeamCountry "GER"]
[BlackTeamCountry "GER"]

1. d4 d5 2. Nd2 Nf6 3. c3 Bf5 4. Ngf3 e6 5. e3 c5 6. Bb5+ Nc6 7. Qa4 Nd7 8. Bxc6 bxc6 9. Qxc6 Rc8 10. Qa4 Bd6 11. dxc5 Rxc5 12. 0-0 Qc8 13. h3 0-0 14. Re1 Nf6 15. Qd1 e5 16. Nh4 Be6 17. e4 d4 18. cxd4 exd4 19. Ndf3 Rh5 20. Qxd4 Rd8 21. Qc3 Qb8 22. a3 Rc8 23. Qe3 Bc5 24. Qf4 Qb6 25. Qg3 Be7 26. b4 Rc4 27. Nf5 Bxf5 28. exf5 Ne4 29. Rxe4 Rxe4 30. Be3 Qd8 31. Rc1 h6 32. Qc7 Rxf5 33. Qxa7 Rd5 34. g3 Rxe3 35. Qxe3 Rd3 36. Qe4 Rxa3 37. b5 Rb3 38. Qb7 Qd6 39. Rc8+ Kh7 40. Qe4+ Qg6 41. Qxe7 Rxf3 42. Qc5 Qb1+ 43. Kg2 Rb3 44. Qd5 f6 45. Rc5 Rb2 46. h4 Re2 47. h5 Re5 48. Qc4 Rxc5 49. Qxc5 Qe4+ 50. Kh2 f5 51. Qc6 Qb4 52. Qg6+ Kh8 53. Qxf5 Kg8 54. Qd5+ Kh7 55. Kg2 Kh8 56. Qc6 Qd4 57. b6 Qd8 58. b7 Kh7 59. Qc2+ g6 60. Qxg6+ Kh8 61. Qxh6+ Kg8 62. Qe6+ Kh7 63. g4 Qc7 64. Qc8 Qf4 65. b8Q Qe4+ 1-0